[Event "IM It"]
[Site "Rosny sous Bois FRA"]
[Date "2002.10.31"]
[Round "6"]
[White "Spielmann,Al"]
[Black "Maitesian,S"]
[Result "0-1"]
[WhiteElo "2308"]
[BlackElo "2305"]

1.c4 c6 2.e4 d5 3.exd5 cxd5 4.d4 Nf6 5.Nc3 Nc6 6.Nf3 g6 7.cxd5 Nxd5 8.Qb3 Nxc3
9.Bc4 Bg7 10.Bxf7+ Kf8 11.bxc3 Na5 12.Qd5 Qxd5 13.Bxd5 Bf5 14.Bd2 e6 15.Bb3 Nxb3
16.axb3 Bc2 17.Ra3 Kf7 18.Ke2 Rhc8 19.Ng5+ Kg8 20.f3 e5 21.Rc1 Bf8 22.b4 Bf5
23.dxe5 Rc4 24.g4 Bd7 25.Ne4 Bc6 26.Nf6+ Kg7 27.Raa1 a6 28.Rd1 Be7 29.Kf2 Rf8
30.g5 Rd8 31.Ke2 Rh4 32.Be1 Rxh2+ 33.Ke3 Rh3 34.Ne4 Rf8 35.Nf6 Rxf3+ 36.Ke2 Rf5
37.Bg3 Bf3+ 38.Ke3 Bxd1 39.Rxd1 Rxg5 40.Bf4 Rf5 41.Rd7 Rf7 42.e6 Rxf4 43.exf7 Rxf6
44.Rxe7 Rxf7 45.Re6 h5 46.c4 h4 47.Ke2 g5 48.c5 Kh7 49.c6 bxc6 50.Rxc6 h3
51.Rxa6 h2 52.Ra1 g4  0-1

[Event "10th Chigorin Mem"]
[Site "St Petersburg RUS"]
[Date "2002.10.31"]
[Round "6"]
[White "Kochyev,A"]
[Black "Tunik,G"]
[Result "1/2-1/2"]
[WhiteElo "2415"]
[BlackElo "2503"]

1.c4 c6 2.d4 d5 3.cxd5 cxd5 4.Nc3 Nf6 5.Bf4 a6 6.Nf3 Nc6 7.e3 Bf5 8.Be2 e6
9.O-O Be7 10.Ne5 Nxe5 11.Bxe5  1/2-1/2

[Event "Open"]
[Site "Le Touquet FRA"]
[Date "2002.11.01"]
[Round "8"]
[White "Kohlweyer,B"]
[Black "Philippe,C"]
[Result "1-0"]
[WhiteElo "2450"]
[BlackElo "2313"]

1.c4 c6 2.Nf3 Nf6 3.d4 d5 4.Qc2 e6 5.Bg5 Be7 6.e3 Nbd7 7.Nc3 O-O 8.Rd1 b6
9.cxd5 exd5 10.Bd3 Bb7 11.O-O h6 12.Bh4 c5 13.Bf5 Re8 14.Ne5 cxd4 15.exd4 Nf8
16.Rfe1 g6 17.Bd3 Nh5 18.Bxe7 Rxe7 19.Qd2 Kg7 20.Ng4 g5 21.Ne3 Re6 22.Nf5+ Kh8
23.Rxe6 Nxe6 24.Nxh6 Qf6 25.Nf5 Rg8 26.Bc2 Nhf4 27.Qe3 a6 28.Nd6 Bc6 29.Qe5 Qxe5
30.Nxf7+ Kg7 31.Nxe5 Bb7 32.g3 Nh5 33.Bf5 Nc7 34.Na4 Rf8 35.Rc1 Nb5 36.Bd3 Nf6
37.Nxb6 Ne8 38.Nbd7  1-0

[Event "Olympiad"]
[Site "Bled SLO"]
[Date "2002.11.02"]
[Round "8"]
[White "Ghaem Maghami,E"]
[Black "Franco Ocampos,Z"]
[Result "0-1"]
[WhiteElo "2511"]
[BlackElo "2504"]

1.c4 c6 2.e4 d5 3.exd5 cxd5 4.d4 Nf6 5.Nc3 e6 6.Nf3 Be7 7.cxd5 Nxd5 8.Bd3 O-O
9.O-O Nc6 10.Re1 Bf6 11.Be4 Nce7 12.Qd3 g6 13.Bh6 Bg7 14.Qd2 b6 15.Bg5 f6
16.Bh6 Bb7 17.Bxg7 Kxg7 18.Bxd5 Bxd5 19.Qe2 Nf5 20.Nxd5 exd5 21.Qb5 Rc8 22.g4 Nh6
23.h3 Qd6 24.Re3 Nf7 25.Rae1 Rfd8 26.Kg2 Rc7 27.Re6 Qf4 28.Re7 Qd6 29.R7e6 Qf4
30.Qb4 Rdd7 31.Qb3 h5 32.gxh5 gxh5 33.Qe3 Qxe3 34.R6xe3 Nd6 35.R1e2 Kf7 36.Nh4 Rc4
37.Rd3 Re7 38.Rxe7+ Kxe7 39.Ng6+ Kf7 40.Nf4 Rc2 41.Nxd5 Rxb2 42.Rf3 f5 43.a3 Rd2
44.Nf4 h4 45.d5 Kf6 46.Re3 Ne4 47.Re2 Rxe2 48.Nxe2 Ke5 49.Kf3 Nd2+ 50.Ke3 Nc4+
51.Kd3 Nxa3 52.Nd4 f4 53.Nf3+ Kxd5 54.Nxh4 Nc4 55.Nf5 b5 56.h4 Ke5 57.Ne7 Ke6
58.Nc8 a5 59.Na7 Nd6 60.Nc6 a4 61.Kd4 a3 62.Nb4 Kf5 63.f3 Nc4 64.Kc5 Ne5
65.Kxb5 Nxf3 66.Ka4 Ne1 67.Kxa3 f3 68.Nd5 Nc2+ 69.Kb2 f2 70.Kxc2 Ke4 71.Nc3+ Ke5  0-1

[Event "Olympiad"]
[Site "Bled SLO"]
[Date "2002.11.04"]
[Round "9"]
[White "Franco Ocampos,Z"]
[Black "Sequera,J"]
[Result "1/2-1/2"]
[WhiteElo "2504"]
[BlackElo "2378"]

1.c4 c6 2.e4 d5 3.exd5 cxd5 4.d4 e6 5.Nc3 Nf6 6.Nf3 Bb4 7.cxd5 Nxd5 8.Bd2 O-O
9.Bd3 b6 10.O-O Ba6 11.Nxd5 Bxd2 12.Bxa6 Nxa6 13.Nxb6 Qxb6 14.Qxd2 Rfd8 15.Rac1 Rd5
16.Rc4 Rad8 17.Qc3 Nb8 18.Rc1 Nd7 19.Rc6 Qb5 20.h3 Nf8 21.Rc7 a6 22.Ne5 Ng6
23.Qf3 f6 24.Nxg6 hxg6 25.Qe4 Qe8 26.R1c4 Kh7 27.g3 R8d7 28.Kg2 Rxd4 29.Qxd4 Rxd4
30.Rxd4 Qa8+ 31.Kg1 Qb8 32.Rc2 Kh6 33.b3 e5 34.Rd7 Qb5 35.Rcc7 Qe2 36.Rxg7 Qd1+
37.Kg2 Qd5+ 38.Kh2 Qd2 39.Rh7+ Kg5 40.Kg2 Qd5+ 41.Kf1  1/2-1/2

[Event "Olympiad"]
[Site "Bled SLO"]
[Date "2002.11.04"]
[Round "9"]
[White "Miezis,N"]
[Black "Hatanbaatar,B"]
[Result "1-0"]
[WhiteElo "2523"]
[BlackElo "2439"]

1.c4 c6 2.e4 d5 3.cxd5 cxd5 4.exd5 Nf6 5.Nc3 Nxd5 6.Nf3 e6 7.Bc4 Be7 8.O-O O-O
9.Re1 Nxc3 10.bxc3 Nd7 11.a4 Nf6 12.Ne5 Nd7 13.Nf3 b6 14.d4 Bb7 15.Bd3 Qc7
16.Bd2 Bd6 17.h3 Bf4 18.Ng5 Nf6 19.Bxf4 Qxf4 20.Re5 Qh4 21.Nxh7 Rfc8 22.Rc1 Nd5
23.g3 Qe7 24.Ng5 Rxc3 25.Rxc3 Nxc3 26.Qh5 Qf6 27.Bh7+ Kf8 28.Be4 Bxe4 29.Rxe4 g6
30.Rf4 Ne2+ 31.Qxe2 Qxg5 32.Qf3 Rd8 33.Rxf7+ Kg8 34.h4 Qh6 35.Qf6 Rf8  1-0

[Event "Olympiad"]
[Site "Bled SLO"]
[Date "2002.11.04"]
[Round "9"]
[White "Galego,L"]
[Black "Kallio,H"]
[Result "1-0"]
[WhiteElo "2506"]
[BlackElo "2471"]

1.c4 c6 2.Nf3 d5 3.b3 Nf6 4.Bb2 Bg4 5.Ne5 Bh5 6.cxd5 cxd5 7.b4 Nbd7 8.Qa4 e6
9.e3 a6 10.Nxd7 Nxd7 11.b5 Nc5 12.Qd4 a5 13.Nc3 f6 14.Na4 e5 15.Qh4 Bf7 16.Nxc5 Bxc5
17.Rc1 Bd6 18.Qa4 O-O 19.Be2 Qe7 20.O-O Kh8 21.Rfe1 Be6 22.Bf1 Rfd8 23.Rc2 Bf5
24.d3 Qf7 25.Ba3 d4 26.exd4 Bxa3 27.Qxa3 Rxd4 28.Rec1 h5 29.Rc7 Qg6 30.Rxb7 Bxd3
31.b6 Be4 32.Rbc7 Rb4 33.Qe3 Rb2 34.f3 Bd5 35.Rd1 Be6 36.b7 Rg8 37.Qc3 Rb4
38.Qc6 Bxa2 39.Rc8 Qg5 40.Rxg8+ Bxg8 41.Qc8 Qe3+ 42.Kh1 Qb3 43.Rd8 Rxb7 44.Rxg8+ Qxg8
45.Qxb7 Qd8 46.Qb5 g6 47.h3 Kg7 48.Kh2 Qc7 49.Qc4 Qxc4 50.Bxc4 a4 51.h4 g5
52.hxg5 fxg5 53.Kg3 Kf6 54.Kf2 e4 55.fxe4 g4 56.Kg3 Ke5 57.Bd5 a3 58.Kh4  1-0

[Event "Olympiad"]
[Site "Bled SLO"]
[Date "2002.11.06"]
[Round "11"]
[White "Van Hoolandt,P"]
[Black "Mawed,M"]
[Result "1-0"]
[WhiteElo "2173"]
[BlackElo "2186"]

1.c4 c6 2.Nf3 d5 3.cxd5 cxd5 4.d4 Nf6 5.Nc3 Nc6 6.Bf4 Bf5 7.e3 e6 8.Bb5 Bd6
9.Ne5 Bxe5 10.Bxc6+ bxc6 11.Bxe5 O-O 12.Bxf6 Qxf6 13.O-O e5 14.Na4 exd4 15.exd4 Rab8
16.Qd2 h5 17.Rfe1 Rfd8 18.Re5 Rb5 19.Rae1 Qg6 20.Qf4 Be6 21.Qh4 Qf6 22.Rxh5 Qxh4
23.Rxh4 Rb4 24.b3 g5 25.Rh5 Rxd4 26.Rxg5+ Kf8 27.Nc5 Rd2 28.h4 Rxa2 29.Rxe6 fxe6
30.Nxe6+ Ke7 31.Nxd8 Kxd8 32.h5 Ra1+ 33.Kh2 Re1 34.h6 Re6 35.Rh5 Re8 36.h7 Rh8
37.Kg3 Ke7 38.Kf4 Kf6 39.Rh6+ Kg7 40.Rxc6 Rf8+ 41.Ke3 Kxh7 42.Rc7+ Kg6 43.Rxa7 Rb8
44.Ra3 Rb4 45.Kd3 Kf5 46.Kc3 Rg4 47.g3 Re4 48.Ra2 Ke5 49.Rb2 Kd6 50.b4 Kc6
51.b5+ Kb6 52.Kd3 Ra4 53.Ke3 Re4+ 54.Kf3 Re8 55.g4 d4 56.g5 Rg8 57.Kf4 d3
58.Rd2 Kxb5 59.Rxd3 Kc4 60.Rd6 Kc5 61.Rd2 Kc4 62.Kg4 Kc3 63.Rd7  1-0

[Event "Olympiad"]
[Site "Bled SLO"]
[Date "2002.11.07"]
[Round "12"]
[White "Jiravorasuk,B"]
[Black "Jones,Ri"]
[Result "1/2-1/2"]
[WhiteElo "2255"]
[BlackElo "2063"]

1.c4 c6 2.Nf3 d5 3.e3 Nf6 4.d4 Bf5 5.Nc3 e6 6.Bd3 Bg6 7.O-O Nbd7 8.Qe2 Ne4
9.Bxe4 dxe4 10.Nd2 Nf6 11.f3 exf3 12.Nxf3 Bb4 13.Bd2 O-O 14.a3 Bxc3 15.Bxc3 Ne4
16.Be1 c5 17.Rd1 Qc7 18.Ne5 Bf5 19.g4 Bg6 20.Rf4  1/2-1/2

[Event "Olympiad"]
[Site "Bled SLO"]
[Date "2002.11.07"]
[Round "12"]
[White "Matamoros Franco,C"]
[Black "Volkmann,F"]
[Result "1/2-1/2"]
[WhiteElo "2459"]
[BlackElo "2435"]

1.c4 c6 2.e4 d5 3.exd5 Nf6 4.Nc3 cxd5 5.cxd5 Nxd5 6.Nf3 Nc6 7.Bb5 Nxc3 8.bxc3 Qd5
9.c4 Qe4+ 10.Qe2 Qxe2+ 11.Kxe2 Bd7 12.d4 e6 13.d5 exd5 14.cxd5 Ne5 15.Bxd7+ Nxd7
16.Re1 f6 17.Be3 Nb6 18.Kf1 Nxd5 19.Rab1 b6 20.Bxb6+ Kf7 21.Bd4 Bb4 22.Rec1 Ke6  1/2-1/2

[Event "Tch-SWE 2002-3"]
[Site "Sweden SWE"]
[Date "2002.11.16"]
[Round "4"]
[White "Webb,S"]
[Black "Engqvist,T"]
[Result "1/2-1/2"]
[WhiteElo "2420"]
[BlackElo "2355"]

1.c4 c6 2.Nf3 Nf6 3.b3 d5 4.Bb2 Bg4 5.d3 e6 6.Nbd2 Nbd7 7.g3 Bxf3 8.Nxf3 Qa5+
9.Nd2 Ba3 10.Qc1 Bxb2 11.Qxb2 Qc7 12.Bg2 a5 13.O-O O-O 14.d4 a4 15.e4 Nxe4
16.Nxe4 dxe4 17.Bxe4 Nf6 18.Bg2 axb3 19.axb3 h6 20.b4 Rfd8 21.Rxa8 Rxa8 22.b5 Ra5
23.bxc6 bxc6 24.Rb1 c5 25.Qb8+ Qxb8 26.Rxb8+ Kh7 27.dxc5 Rxc5 28.Bf1 g5 29.f3 Nd7
30.Rb2 Kg6 31.Kf2 Kf6 32.Ke3 Ke7 33.Ra2 Kd6 34.Ra8 Ne5 35.Ra4 Nc6 36.Bd3 Ra5
37.Rxa5 Nxa5 38.f4 f6 39.Kd4 Nc6+ 40.Kc3 Kc5 41.Be2 Nd4 42.Bd1 f5 43.fxg5 hxg5
44.h4 f4 45.gxf4 gxh4 46.Bg4 h3 47.Bxh3 Ne2+ 48.Kd2 Nxf4  1/2-1/2

[Event "40th Ann Open"]
[Site "Curacao AHO"]
[Date "2002.11.20"]
[Round "3"]
[White "Van Tol,L"]
[Black "Broehl,S"]
[Result "0-1"]
[WhiteElo "1883"]
[BlackElo "2223"]

1.c4 c6 2.Nc3 d5 3.cxd5 cxd5 4.d4 Nf6 5.Nf3 Nc6 6.Bf4 Bf5 7.a3 e6 8.e3 Bd6
9.Bxd6 Qxd6 10.Be2 h6 11.Rc1 O-O 12.O-O Rac8 13.b4 Rfd8 14.Na4 Rc7 15.Nc3 Rcc8
16.Na4 Rc7 17.Nc5 Rdc8 18.Nxb7 Rxb7 19.Ba6 Rcb8 20.Bxb7 Rxb7 21.Qa4 Ne7 22.Ne5 Nd7
23.f4 f6 24.Nc6 Bd3 25.Nxe7+ Qxe7 26.Qc6 Nb6 27.Rfd1 Bc4 28.Qc5 Qd7 29.Rd2 Na4
30.Qa5 Bb5 31.Rdc2 Nb6 32.a4 Nc4 33.Rxc4 Bxc4 34.b5 Qc7 35.Qc3 Qb6 36.e4 a6
37.bxa6 Qxa6 38.f5 Rb3 39.Qe1 Qb6 40.fxe6 Qxd4+ 41.Kh1 Qxe4  0-1

[Event "WYb18"]
[Site "Heraklio GRE"]
[Date "2002.11.21"]
[Round "8"]
[White "Berkes,F"]
[Black "Cornette,M"]
[Result "1-0"]
[WhiteElo "2545"]
[BlackElo "2355"]

1.c4 c6 2.e4 d5 3.exd5 cxd5 4.d4 Nf6 5.Nc3 Nc6 6.Nf3 Bg4 7.cxd5 Nxd5 8.Qb3 Bxf3
9.gxf3 Nb6 10.Be3 e6 11.O-O-O Be7 12.d5 exd5 13.Nxd5 Nxd5 14.Rxd5 Qc7 15.Kb1 O-O
16.f4 Nb4 17.Rd1 Qc6 18.Be2 Qg6+ 19.Bd3 Nxd3 20.Qxd3 Rfd8 21.Qxg6 hxg6 22.Rxd8+ Bxd8
23.Rd1 a6 24.Rd7 b5 25.Kc2 Bf6 26.b3 Rc8+ 27.Kd3 Kf8 28.Ra7 Rc6 29.Ke4 Bd8
30.Kd5 Re6 31.f5 Rf6 32.Ra8 Rxf5+ 33.Kc6 Ke8 34.Bb6 Rf6+ 35.Kc5 Rxf2 36.Bxd8 Rxa2
37.Ba5+ Kd7 38.Ra7+ Ke8 39.Bc7 Kd7 40.Ba5+ Ke8 41.Rxa6 Rxh2 42.Kxb5 g5 43.Ra8+ Kd7
44.Ra7+ Ke6 45.Bd8 Rh8 46.Bc7 g4 47.b4 g5 48.Kc6 f5 49.b5 Rh1 50.b6 Rc1+
51.Kb5 Rb1+ 52.Kc4 g3 53.b7 g2 54.Ra6+ Kd7 55.Bb6 g1=Q 56.Bxg1 Rxb7 57.Rg6 g4
58.Kd5 Rb1 59.Rg7+ Ke8 60.Bc5 Re1 61.Bd6 Re2 62.Be5 Kf8 63.Ra7 Rd2+ 64.Ke6 Kg8
65.Rg7+ Kf8 66.Rh7  1-0

[Event "WYb16"]
[Site "Heraklio GRE"]
[Date "2002.11.22"]
[Round "9"]
[White "Akbarinia,S"]
[Black "Kharitonov,Alexa"]
[Result "0-1"]
[WhiteElo "2241"]
[BlackElo "2437"]

1.c4 c6 2.Nf3 d5 3.d4 Nf6 4.Qc2 dxc4 5.Qxc4 Bf5 6.g3 e6 7.Bg2 Nbd7 8.O-O Be7
9.Nc3 O-O 10.Re1 Ne4 11.Qb3 Qb6 12.Qxb6 axb6 13.Nh4 Nxc3 14.Nxf5 Bb4 15.Bd2 Nxa2
16.Bxb4 Nxb4 17.Nd6 Nc2 18.Rxa8 Rxa8 19.Rd1 Ra7 20.e3 b5 21.Rb1 Nb6 22.h4 Kf8
23.Ne4 Ke7 24.Nc5 Nb4 25.g4 Nc4 26.Bf1 Nd2 27.Rd1 Nf3+ 28.Kg2 Nxh4+ 29.Kg3 Ng6
30.Be2 h6 31.f4 Nf8 32.e4 Nd7 33.Nb3 Nb6 34.f5 Nc4 35.Re1 Nxb2 36.Kh4 Ra3
37.Nc5 b6 38.Rb1 bxc5 39.Rxb2 Ra2 40.Rxa2 Nxa2  0-1

[Event "ch-ISR"]
[Site "Tel Aviv ISR"]
[Date "2002.11.24"]
[Round "1"]
[White "Polyakov,A"]
[Black "Erenburg,S"]
[Result "1/2-1/2"]
[WhiteElo "2311"]
[BlackElo "2494"]

1.c4 c6 2.Nf3 d5 3.b3 Bg4 4.Bb2 Nd7 5.e3 Ngf6 6.Be2 e6 7.h3 Bh5 8.O-O Bd6
9.cxd5 cxd5 10.Nc3 a6 11.Nd4 Bxe2 12.Qxe2 O-O 13.d3 Qe7 14.e4 dxe4 15.dxe4 Rac8
16.Rac1 Rfd8 17.Nf3 Ne5 18.Nxe5 Bxe5 19.Na4 Bxb2 20.Nxb2 Rxc1 21.Rxc1 Qa3
22.Rd1 Rxd1+ 23.Nxd1 Qc1 24.f3 Nh5 25.Qd3 h6 26.Kh2 e5 27.Qd8+ Kh7 28.Qd7 Qf4+
29.Kg1 Ng3 30.Qd3 Qc1 31.Kh2 Nh5 32.Qd7 Qf4+ 33.Kg1 Nf6 34.Qd3 Qc1 35.Kh2 h5
36.h4 Ng8 37.Ne3 Qe1 38.Nf5 g6 39.Qd7 gxf5 40.Qxf7+ Kh8 41.Qxh5+ Kg7 42.Qg5+ Kf7
43.Qh5+ Kg7 44.Qg5+ Kf7 45.Qh5+ Kg7  1/2-1/2

[Event "40th Ann Open"]
[Site "Curacao AHO"]
[Date "2002.11.25"]
[Round "7"]
[White "Loew,G"]
[Black "Broehl,S"]
[Result "1-0"]
[WhiteElo "2268"]
[BlackElo "2223"]

1.c4 c6 2.g3 d5 3.Bg2 Nf6 4.Nf3 dxc4 5.O-O Bf5 6.Na3 e5 7.Nxc4 e4 8.Ne1 Bc5
9.Ne3 Bg6 10.Qc2 Qe7 11.d3 O-O 12.dxe4 Nxe4 13.Nd3 Bb6 14.Nc4 Bd4 15.Bf4 Na6
16.Rad1 Rad8 17.Qc1 Nc7 18.Nce5 Nd5 19.Nxg6 hxg6 20.h4 Nxf4 21.Qxf4 f5 22.Kh2 Nf6
23.Bf3 Ne4 24.Kg2 Bb6 25.Ne5 Rxd1 26.Rxd1 Qc5 27.Nd3 Qc4 28.g4 Qe6 29.gxf5 gxf5
30.h5 g5 31.hxg6 Qxg6+ 32.Kf1 Rd8 33.e3 Rd7 34.Ne5 Rxd1+ 35.Bxd1 Qh7 36.Bb3+ Kf8
37.Be6 Qh1+ 38.Ke2 Qh5+ 39.Nf3 Ke7 40.Bxf5 Nc5 41.Qe5+ Kf8 42.b4 Na4 43.Qb8+ Ke7
44.Qxb7+ Kf8 45.Qxc6 Qxf5 46.Qxa4 Qd5 47.b5 Ke8 48.Qb3 Qh5 49.Qe6+ Kd8 50.a4 Bc7
51.Qg8+ Kd7 52.Qg5 Qh7 53.Qd5+ Kc8 54.Nd4  1-0

[Event "74th ch-GER"]
[Site "Saarbruecken GER"]
[Date "2002.11.26"]
[Round "5"]
[White "Kritz,L"]
[Black "Mueller,Ka"]
[Result "1/2-1/2"]
[WhiteElo "2476"]
[BlackElo "2518"]

1.c4 c6 2.e4 d5 3.exd5 cxd5 4.cxd5 Nf6 5.Nc3 Nxd5 6.Nf3 Nxc3 7.bxc3 g6 8.Qa4+ Nc6
9.Ne5 Bd7 10.Qf4 Nxe5 11.Qxe5 f6 12.Qe3 Bc6 13.d4 Bg7 14.Ba3 Rc8 15.f3 Bd5
16.Bb5+ Kf7 17.O-O e6 18.Rfc1 a6 19.Bf1 f5 20.Rab1 Qd7 21.Rb6 Rc6 22.Rxc6 Bxc6
23.Bc5 b5 24.Rd1 Bd5 25.Rd2 Rb8 26.a4 Bc4 27.axb5 Bxf1 28.Kxf1 Qxb5+ 29.Qe2 e5
30.Bd6 Qxe2+ 31.Kxe2 Rc8 32.dxe5 Rxc3 33.Rb2 f4 34.Rb7+ Kg8 35.Rb8+ Kf7 36.Kd2 Re3
37.Rb7+ Kg8 38.Re7 g5 39.e6 Bc3+ 40.Kc2 Bf6 41.Re8+ Kg7 42.Bb4 h5 43.h3 Kg6
44.e7 Kg7 45.Bc5 Rc3+ 46.Kd2 Rxc5 47.Rg8+ Kxg8 48.e8=Q+ Kg7 49.Qxh5 Rd5+
50.Kc2 Rd4 51.Qg4 Kf7 52.Qc8 a5 53.Qc7+ Ke6 54.Qxa5 Ke7 55.Qf5 Kf7 56.Qh7+ Kf8
57.Kb3 Ke8 58.Qg6+ Ke7 59.Qg8 Rd2 60.Kc4 Rxg2 61.Kd3 Rb2 62.Qc4 Kf8 63.Ke4 Kg7
64.Kf5 Rb7 65.Kg4 Rf7 66.Kh5 Be7 67.Qe6 Bf6 68.Qe4 Be7 69.Qg6+ Kf8 70.Qh6+ Kg8
71.Kg4 Bd8 72.Qg6+ Kf8 73.Qd6+ Be7 74.Qh6+ Kg8 75.Qg6+ Kf8 76.Kh5 Bd8 77.Qd6+ Be7
78.Qh6+ Kg8 79.Qg6+ Kf8 80.Qe6 Kg7 81.Qg4 Rf8 82.Qg1 Rh8+ 83.Kg4 Rf8 84.Qb1 Rf7
85.Kh5 Bd8 86.Qe4 Be7 87.Qd3 Kg8 88.Qd4 Bf6 89.Qe4 Be7 90.Qe5 Bf6 91.Qe6 Kg7
92.h4 gxh4 93.Qg4+ Kf8 94.Qxf4 Be7 95.Qb8+ Kg7 96.Kg4 Rf6 97.Qe5 Kf7 98.Qh5+ Kg7
99.Qe8 Rg6+ 100.Kf5 Rf6+ 101.Kg4  1/2-1/2

[Event "ch-ITA"]
[Site "Montecatini Terme ITA"]
[Date "2002.11.27"]
[Round "8"]
[White "Braga,F"]
[Black "Buchicchio,G"]
[Result "1/2-1/2"]
[WhiteElo "2434"]
[BlackElo "2254"]

1.c4 c6 2.e4 d5 3.exd5 cxd5 4.cxd5 Nf6 5.Nc3 Nxd5 6.Nf3 e6 7.d4 Bb4 8.Qc2 Nc6
9.Bd2 O-O 10.Bd3 Nf6 11.a3 Bd6 12.Rd1 e5 13.dxe5 Nxe5 14.Nxe5 Bxe5 15.Bg5 Kh8
16.O-O Qc7 17.Kh1 Ng4 18.h3 Bf6 19.hxg4 Bxg5 20.Qe2 Qb6 21.g3 Be6 22.Be4 Bf6
23.Rd2 Bxc3 24.bxc3 Rac8 25.Qf3 Qb3 26.Kg2 Qxc3  1/2-1/2

[Event "ch-CRO"]
[Site "Zagreb CRO"]
[Date "2002.11.28"]
[Round "5"]
[White "Simon,Jozef"]
[Black "Jadrijevic,A"]
[Result "1/2-1/2"]
[WhiteElo "2170"]
[BlackElo "2287"]

1.c4 c6 2.Nc3 d5 3.d4 Nf6 4.Nf3 dxc4 5.a4 Bf5 6.Ne5 Nbd7 7.Nxc4 Qc7 8.g3 e5
9.dxe5 Nxe5 10.Bf4 Nfd7 11.Bg2 g5 12.Ne3 gxf4 13.Nxf5 O-O-O 14.Qc2 Nc5 15.O-O Ne6
16.Rfd1 Bc5 17.Ne4 Bb4 18.Qb3 a5 19.Rac1 Rxd1+ 20.Rxd1 Rd8 21.Qc2  1/2-1/2

[Event "TCh-AUT B"]
[Site "Mitte AUT"]
[Date "2002.11.30"]
[Round "4"]
[White "Detter,P"]
[Black "Kormann,W"]
[Result "1/2-1/2"]
[WhiteElo "2170"]
[BlackElo "2101"]

1.c4 c6 2.e4 d5 3.exd5 cxd5 4.cxd5 Nf6 5.Bb5+ Nbd7 6.Nc3 g6 7.Nge2 Bg7 8.d4 O-O
9.Bf4 Nb6 10.d6 exd6 11.O-O a6 12.Bd3 Be6 13.Qd2 Qd7 14.Bh6 Nc4 15.Bxc4 Bxc4
16.Bxg7 Kxg7 17.Rfe1  1/2-1/2

[Event "ch-GRE"]
[Site "Athens GRE"]
[Date "2002.12.02"]
[Round "5"]
[White "Banikas,H"]
[Black "Mastrovasilis,D"]
[Result "1-0"]
[WhiteElo "2520"]
[BlackElo "2461"]

1.c4 c6 2.Nf3 d5 3.e3 Nf6 4.Nc3 e6 5.Qc2 Nbd7 6.b3 Bd6 7.Bb2 O-O 8.Be2 Re8
9.h3 e5 10.cxd5 Nxd5 11.Ne4 Bc7 12.g4 Nf8 13.a3 a5 14.d3 Ng6 15.g5 Nf8 16.h4 Bf5
17.Nfd2 Qe7 18.Rg1 Rad8 19.h5 Bd7 20.Rc1 b6 21.Qc4 Bb8 22.Nf3 Rc8 23.d4 Bf5
24.Nf6+ Nxf6 25.gxf6 Qxf6 26.dxe5 Qh6 27.Nd4 Bd7 28.f4 c5 29.Nf3 Be6 30.Qc2 Qxh5
31.Rg5 Qh3 32.Kf2 Bd5 33.e4 Bc6 34.f5 g6 35.Rcg1 b5 36.a4 Ba7 37.e6 c4+ 38.Ke1 fxe6
39.fxg6 Nxg6 40.Rxg6+ hxg6 41.Rxg6+ Kf8 42.Rf6+ Kg8 43.Rg6+ Kf8 44.Qd2 Qh1+
45.Bf1 Bxe4 46.Rg8+ Ke7 47.Rg7+  1-0

[Event "ch-POL sf"]
[Site "Lubniewice POL"]
[Date "2002.12.02"]
[Round "3"]
[White "Staniszewski,Pi"]
[Black "Paterek,M"]
[Result "1-0"]
[WhiteElo "2441"]
[BlackElo "2242"]

1.c4 c6 2.d4 d5 3.Nc3 Nf6 4.e3 a6 5.Qc2 g6 6.Bd3 Bg7 7.Nf3 O-O 8.O-O b5 9.b3 Nbd7
10.Bb2 Bb7 11.Rfd1 Rc8 12.c5 Qc7 13.h3 Ne8 14.Ne2 Qb8 15.a4 Nc7 16.h4 Rce8
17.h5 e5 18.Nxe5 Nxe5 19.dxe5 Bxe5 20.hxg6 hxg6 21.Bxe5 Rxe5 22.axb5 axb5
23.Nd4 Ne8 24.Be2 Kg7 25.Bf3 Rh8 26.g3 Nf6 27.Kg2 Qe8 28.Rh1 Rxh1 29.Rxh1 Bc8
30.Qc3 Bd7 31.b4 Kg8 32.Qa1 g5 33.Be2 g4 34.Bd3 Kg7 35.Rh4 Rg5 36.Nxb5 Qe5
37.Qxe5 Rxe5 38.Nd4 Re8 39.Bf5 Bxf5 40.Nxf5+ Kg6 41.Nd4 Rc8 42.Rh1 Nd7 43.Ra1 Ne5
44.Ra6 f6 45.Rb6 Rc7 46.b5 cxb5 47.Rxb5 Rc8 48.Ne6 Kf5 49.Nd4+ Ke4 50.Rb6 Rxc5
51.Rxf6 Kd3 52.Rf5 Ke4 53.Rf4+ Kd3 54.Ne6 Ra5 55.Rd4+ Kc2 56.Nc7 Ra1  1-0

[Event "ch-POL sf"]
[Site "Lubniewice POL"]
[Date "2002.12.04"]
[Round "5"]
[White "Nurkiewicz,M"]
[Black "Stoma,P"]
[Result "1-0"]
[WhiteElo "2364"]
[BlackElo "2250"]

1.c4 c6 2.Nf3 Nf6 3.g3 d5 4.b3 Bf5 5.Bg2 e6 6.O-O Nbd7 7.d4 h6 8.Nbd2 Bd6
9.Bb2 O-O 10.Ne5 Bxe5 11.dxe5 Ng4 12.e4 dxe4 13.Nxe4 Ndxe5 14.Ba3 Bxe4 15.Bxe4 Qxd1
16.Rfxd1 Rfd8 17.f4 Nf6 18.fxe5 Nxe4 19.Be7 Rxd1+ 20.Rxd1 f5 21.Rd7 b6 22.Kg2 c5
23.h4 g5 24.Kf3 a6 25.a4 Rb8 26.Bd6 Nxd6 27.Rxd6 Kf7 28.Rd7+ Kf8 29.h5 b5
30.Rh7 Kg8 31.Rxh6 bxa4 32.bxa4 Rb3+ 33.Kg2 Rb4 34.Rxe6 Rxa4 35.Rg6+ Kh7
36.Rxg5 Rxc4 37.Rxf5 Rc1 38.Kf2 Rc2+ 39.Ke3 Rc1 40.Kd2 Rg1 41.Rf3 Rh1 42.e6 Rh2+
43.Kc3  1-0

[Event "TCh-ESP"]
[Site "Mondariz ESP"]
[Date "2002.12.04"]
[Round "5"]
[White "Romero Holmes,A"]
[Black "Dominguez,L"]
[Result "0-1"]
[WhiteElo "2524"]
[BlackElo "2608"]

1.c4 c6 2.e4 d5 3.cxd5 cxd5 4.exd5 Nf6 5.Nc3 Nxd5 6.Nf3 Nc6 7.Bb5 Nc7 8.Bxc6+ bxc6
9.O-O Bg4 10.h3 Bxf3 11.Qxf3 Qd7 12.d3 g6 13.Bf4 Bg7 14.Bxc7 Qxc7 15.Rac1 O-O
16.Na4 Rac8 17.Rc4 Rfd8 18.Rfc1 Rd6 19.b4 Qb8 20.Nc5 Rcd8 21.Qe4 e6 22.g3 Bd4
23.a3 Bxc5 24.Rxc5 Rxd3 25.R1c3 Rxc3 26.Rxc3 Rd1+ 27.Kh2 Qb6 28.Rc2 Rd5 29.Qc4 Rd6
30.Qc5 Qb8 31.Qe3 Qb7 32.Rc4 Qd7 33.Qf3 h5 34.h4 Rd5 35.Kg2 e5 36.Qf6 Rd1
37.Qxe5 Qd3 38.Qe8+ Kg7 39.Qe5+ Kh7 40.Qe4 Qf1+ 41.Kh2 Rd2  0-1

[Event "ch-POL sf"]
[Site "Lubniewice POL"]
[Date "2002.12.06"]
[Round "7"]
[White "Zarychta,K"]
[Black "Kaszowski,D"]
[Result "0-1"]
[WhiteElo "2222"]
[BlackElo "2327"]

1.c4 c6 2.e4 d5 3.exd5 cxd5 4.cxd5 Nf6 5.Bb5+ Nbd7 6.Nc3 g6 7.d4 Bg7 8.d6 exd6
9.Bf4 Qe7+ 10.Qe2 Qxe2+ 11.Ngxe2 Ke7 12.O-O Nb6 13.Rfe1 Be6 14.Bg5 h6 15.Bxf6+ Bxf6
16.d5 Bd7 17.Ng3+ Kd8 18.Nge4 Be5 19.Bxd7 Kxd7 20.Rac1 Rac8 21.b4 Rhe8 22.Nb5 a6
23.Nbxd6 Rxc1 24.Rxc1 Bxd6 25.Nf6+ Kd8 26.Nxe8 Kxe8 27.a3 Kd7 28.Rd1 Nc4
29.Rd3 b5 30.Kf1 Be5 31.Ke2 Kd6 32.Rf3 f5 33.h4 h5 34.Rd3 Nb6 35.Kd1 Nxd5
36.Kc2 Ke6 37.Kb3 Nf4 38.Rd8 Nxg2 39.Ra8 Nxh4 40.Rxa6+ Bd6 41.Rc6 Nf3 42.Rc3 Nd4+
43.Ka2 h4 44.Rd3 Kd5 45.a4 bxa4 46.Ka3 g5 47.Kxa4 g4 48.b5 f4 49.b6 g3 50.fxg3 hxg3
51.b7 g2  0-1

[Event "TCh-ESP"]
[Site "Mondariz ESP"]
[Date "2002.12.07"]
[Round "8"]
[White "Franco Ocampos,Z"]
[Black "Dominguez,L"]
[Result "1/2-1/2"]
[WhiteElo "2504"]
[BlackElo "2608"]

1.c4 c6 2.e4 d5 3.exd5 cxd5 4.d4 Nf6 5.Nc3 Nc6 6.Nf3 Bg4 7.cxd5 Nxd5 8.Qb3 Bxf3
9.gxf3 e6 10.Qxb7 Nxd4 11.Bb5+ Nxb5 12.Qc6+ Ke7 13.Qxb5 Qd7 14.Nxd5+ Qxd5
15.Qxd5 exd5 16.Be3 Ke6 17.O-O-O Bb4 18.Rd3 Rhd8 19.a3 Rac8+ 20.Kb1 Bc5 21.Re1 Bxe3
22.Rexe3+ Kf6 23.Rd4 Rc4 24.Red3 Rxd4 25.Rxd4 Ke5 26.Ra4 Rd7 27.Kc2 d4 28.Kd3 Kf4
29.Rxd4+ Rxd4+ 30.Kxd4 f5 31.b4 Kxf3 32.Ke5 Kxf2 33.Kxf5 Ke3 34.Ke6 h5 35.Ke5  1/2-1/2

[Event "Tch-SWE 2002-3"]
[Site "Sweden SWE"]
[Date "2002.12.07"]
[Round "5"]
[White "Cramling,D"]
[Black "Engqvist,T"]
[Result "0-1"]
[WhiteElo "2425"]
[BlackElo "2355"]

1.c4 c6 2.e4 d5 3.exd5 cxd5 4.cxd5 Nf6 5.Nc3 Nxd5 6.Nf3 Nc6 7.d4 Bg4 8.Qb3 Bxf3
9.gxf3 e6 10.Qxb7 Nxd4 11.Bb5+ Nxb5 12.Qc6+ Ke7 13.Qxb5 Qd7 14.Nxd5+ Qxd5
15.Bg5+ f6 16.Qxd5 exd5 17.Be3 Ke6 18.O-O-O Bb4 19.Kb1 Rhd8 20.Rd3 a5 21.a3 Be7
22.Re1 Kf5 23.Red1 Ke6 24.Re1 Kf5 25.Rc1 Rd7 26.Bc5 Bxc5 27.Rxc5 Kf4 28.a4 d4
29.Kc2 f5 30.b4 axb4 31.Kb3 Rb8 32.Rb5 Rxb5 33.axb5 g5 34.Kxb4 g4 35.Kc5 Ke5
36.b6 gxf3 37.Rb3 d3 38.b7 Rc7+ 39.Kb6 Rxb7+ 40.Kxb7 Kd4  0-1

[Event "TCh-BEL 2002-3"]
[Site "Belgium BEL"]
[Date "2002.12.08"]
[Round "4"]
[White "Kocsis,Le"]
[Black "Eliet,N"]
[Result "1/2-1/2"]
[WhiteElo "2402"]
[BlackElo "2412"]

1.c4 c6 2.b3 d5 3.Bb2 Bg4 4.g3 Nd7 5.Bg2 e6 6.Nf3 Ngf6 7.O-O a5 8.d3 a4 9.Qc2 Bd6
10.Ba3 axb3 11.axb3 Bxa3 12.Nxa3 O-O 13.Qb2 Qb6 14.Rfb1 e5 15.b4 Rfe8 16.c5 Qc7
17.Nc2 Rxa1 18.Qxa1 e4 19.dxe4 Nxe4 20.Nfd4 Ndf6 21.Ne3 Bh5 22.Rc1 Qe5  1/2-1/2

[Event "ch-POL sf"]
[Site "Lubniewice POL"]
[Date "2002.12.08"]
[Round "9"]
[White "Stryjecki,M"]
[Black "Kaszowski,D"]
[Result "1/2-1/2"]
[WhiteElo "2442"]
[BlackElo "2327"]

1.c4 c6 2.e4 d5 3.exd5 cxd5 4.d4 Nf6 5.Nc3 e6 6.Nf3 Be7 7.Bd3 dxc4 8.Bxc4 Nc6
9.O-O O-O 10.Bg5 b6 11.Qe2 Bb7 12.Rad1 Nb4 13.Ne5 Rc8 14.Rfe1 Nfd5 15.Bc1 Bg5
16.Bxg5 Qxg5 17.Ne4 Qd8 18.a3 Nf4 19.Qd2 Nbd5 20.Bb3 Qe7 21.g3 Nh5 22.Qe2 Nhf6
23.Ng5 h6 24.Ngxf7 Rxf7 25.Nxf7  1/2-1/2

[Event "Friendship A"]
[Site "Roznov CZE"]
[Date "2002.12.08"]
[Round "4"]
[White "Vokac,M"]
[Black "Belunek,V"]
[Result "1-0"]
[WhiteElo "2507"]
[BlackElo "2416"]

1.c4 c6 2.b3 d5 3.Bb2 Bf5 4.e3 Nd7 5.Nf3 e6 6.Be2 h6 7.O-O Ngf6 8.Nc3 Bd6
9.d3 Qe7 10.Qc2 dxc4 11.bxc4 e5 12.e4 Bh7 13.Nd1 O-O 14.Ne3 Nc5 15.Nh4 g6
16.g3 Nfd7 17.Bg4 Rad8 18.Rad1 Ne6 19.Qe2 Bc5 20.Bxe6 Qxe6 21.Bc1 Rfe8 22.Kh1 Qe7
23.Nhg2 Nf8 24.f4 exf4 25.gxf4 Ne6 26.Ng4 Nd4 27.Nxh6+ Kf8 28.Qg4 f5 29.exf5 gxf5
30.Qh5 Qf6 31.Ng4 Qg6 32.Qxg6 Bxg6 33.Ne5 Bh5 34.Rd2 Re7 35.Nh4 Rh7 36.Bb2 Bg4
37.Nhg6+ Kg7 38.Nxg4 Kxg6 39.Ne5+ Kf6 40.Rg1 Bf8 41.Rg6+ Ke7 42.Ba3+ Ke8
43.Rg8 Ne6 44.Bxf8 Nxf8 45.Re2 Re7 46.Reg2 Rd4 47.R2g5 Rxf4 48.Rxf8+ Kxf8
49.Ng6+  1-0